Oceania Capitals - Statistics

General Stats
  • This quiz has been taken 11 times
  • The average score is 15 of 34
Answer Stats
OCEANIA CAPITALS % Correct
Australia Canberra
100%
New Zealand Wellington
100%
Samoa Apia
88%
Solomon Islands Honiara
88%
Hawaii Honolulu
88%
Tonga Nuku'alofa
88%
Papua New Guinea Port Moresby
88%
Kiribati South Tarawa
88%
Tasmania Hobart
75%
Marshall Islands Majuro
75%
Vanuatu Port Vila
75%
Fiji Suva
75%
Micronesia(Fed. States) Palikir
63%
Nauru Yaren
63%
Tuvalu Funafuti
50%
Palau Ngerulmud
50%
New Caledonia Nouméa
50%
French Polynesia Papeete
50%
American Samoa Pago Pago
38%
Cook Islands Avarua
25%
Bougainville Buka Town
25%
Norfolk Island Kingston
25%
Pitcairn Islands Adamstown
13%
Niue Alofi
13%
Lord Howe Island Lord Howe
13%
Northern Mariana Islands Saipan
13%
Tokelau Atafu
0%
Tokelau Fakaofo
0%
Guam Hagåtña
0%
Easter Island Hanga Roa
0%
West Papua Manokwari
0%
Wallis and Futuna Mata-Utu
0%
Tokelau Nukunonu
0%
Chatham Islands Waitangi
0%
No matching quizzes found
Score Distribution
Percent of People with Each Score
Percentile by Number Answered
Your Score History
You have not taken this quiz